University Home | Library Home | Institutional Repository

Annals of American Sport/ (Record no. 116345)

MARC details
000 -LEADER
fixed length control field 00416cam a2200145 4500
008 - FIXED-LENGTH DATA ELEMENTS--GENERAL INFORMATION
fixed length control field 110224n 000 0 eng u
035 ## - SYSTEM CONTROL NUMBER
System control number (Sirsi) a172580
050 ## - LIBRARY OF CONGRESS CALL NUMBER
Classification number GV 583 KRO 1929
100 ## - MAIN ENTRY--PERSONAL NAME
Personal name Krout, J.A
245 ## - TITLE STATEMENT
Title Annals of American Sport/
Statement of responsibility, etc. J.A. Krout
260 ## - PUBLICATION, DISTRIBUTION, ETC.
Place of publication, distribution, etc. Toronto:
Name of publisher, distributor, etc. Glasgow Brook and Co,
Date of publication, distribution, etc. 1929
300 ## - PHYSICAL DESCRIPTION
Extent 360p.
504 ## - BIBLIOGRAPHY, ETC. NOTE
Bibliography, etc. note Includes bibliographical references and index
650 ## - SUBJECT ADDED ENTRY--TOPICAL TERM
Topical term or geographic name entry element Sports

No items available.

© 2026 - The University of Zambia Library - Koha v25.11